Statistics for Who said this?

Click here to take the quiz!

General Stats

  • This quiz has been taken 19 times
    (12 since last reset)
  • The average score is 8 of 24

Answer Stats

Line Hint Person % Correct
What's up, Doc?CartoonBugs Bunny
82%
I have a dream!HistoryMartin Luther King
82%
To be or not to beTheatrePrince Hamlet
73%
Yabba Dabba Doo!CartoonFred Flintstone
73%
Let them eat cakeHistoryMarie Antoinette
55%
Shake it offSongTaylor Swift
55%
Bazinga!TV seriesSheldon Cooper
55%
Float like a butterfly, sting like a beeSportMuhammad Ali
45%
You shall not pass!Movie/BookGandalf
45%
I will be back...MovieTerminator
45%
You underestimate the power of the dark sideMovieDarth Vader
36%
Veni, vidi, viciHistoryJulius Caesar
36%
This is Sparta!MovieKing Leonidas
27%
Why so serious?Comics/MovieThe Joker
27%
Beam me up, ScottyTV seriesCaptain Kirk
27%
Love your enemyHistoryJesus
18%
I am going to make him an offer he can't refuseMovieVito Corleone
18%
Princess is in another castleVideo gameToad
18%
I have the power!CartoonHe-Man
18%
With great power, comes great responsibilityComics/MovieUncle Ben
9%
It's never lupus...TV seriesDr Gregory House
0%
Hey, Bub !ComicsWolverine
0%
Savvy?MovieJack Sparrow
0%
Fusion Ha!AnimeGoku
0%

Score Distribution

Percentile by Number Answered

Percent of People with Each Score

Your Score History

You have not taken this quiz since the last reset